000
00284nam a22001337a 4500
008
181006b xxu||||| |||| 00| 0 eng d
020
_a
9780618333332
041
_a
eng
080
_a
941
100
_a
17
101
_a
HIS
245
_a
The Enduring Vision
_c
Boyer
942
_2
udc
_c
BK
999
_c
48945
_d
48945